Mahābhārata kā ādhunika Hindī prabandha kāvyoṃ para prabhāva / (Record no. 72395)

MARC details
000 -LEADER
fixed length control field 00896cam a22002654a 4500
001 - CONTROL NUMBER
control field sa 67001115
003 - CONTROL NUMBER IDENTIFIER
control field DLC
005 - DATE AND TIME OF LATEST TRANSACTION
control field 20260227112320.0
008 - FIXED-LENGTH DATA ELEMENTS--GENERAL INFORMATION
fixed length control field 891120s1966 ii b 000 0 hino
010 ## - LIBRARY OF CONGRESS CONTROL NUMBER
LC control number sa 67001115
035 ## - SYSTEM CONTROL NUMBER
System control number (OCoLC)20674560
040 ## - CATALOGING SOURCE
Original cataloging agency DLC
Transcribing agency DLC
050 00 - LIBRARY OF CONGRESS CALL NUMBER
Classification number PK2040.5
Item number .V4835 1966
100 0# - MAIN ENTRY--PERSONAL NAME
Personal name Vinaya,
Dates associated with a name 1937-
245 10 - TITLE STATEMENT
Title Mahābhārata kā ādhunika Hindī prabandha kāvyoṃ para prabhāva /
Statement of responsibility, etc. Vinaya.
250 ## - EDITION STATEMENT
Edition statement 1. saṃskaraṇa.
260 ## - PUBLICATION, DISTRIBUTION, ETC.
Place of publication, distribution, etc. Dillī :
Name of publisher, distributor, etc. Sanmārga Prakāśana,
Date of publication, distribution, etc. 1966.
300 ## - PHYSICAL DESCRIPTION
Extent 20, 484 p. ;
Dimensions 22 cm.
546 ## - LANGUAGE NOTE
Language note In Hindi.
500 ## - GENERAL NOTE
General note "Dillī Viśvavidyālaya kī Pī.-Eca. Ḍī kī upādhi ke lie svīkr̥ta śodha-prabandha."
504 ## - BIBLIOGRAPHY, ETC. NOTE
Bibliography, etc. note Includes bibliographical references (p. [479]-484).
650 #0 - SUBJECT ADDED ENTRY--TOPICAL TERM
Topical term or geographic name entry element Hindi poetry
Chronological subdivision 20th century
General subdivision History and criticism.
630 00 - SUBJECT ADDED ENTRY--UNIFORM TITLE
Uniform title Mahābhārata
General subdivision Influence.
650 #0 - SUBJECT ADDED ENTRY--TOPICAL TERM
Topical term or geographic name entry element Poetics.

No items available.

Powered by Koha